Boeing Quiz - Statistics

General Stats
  • This quiz has been taken 43 times
  • The average score is 8 of 12
Answer Stats
Question Answer % Correct
What is boeings best seller 737
100%
What is the 787 nickname dreamliner
100%
What does ER stand for Extended range
88%
What is't a 787 -7
75%
Where is boeing headquarters Virginia,washington
75%
When did the 747 stop construction Febuary 2023
63%
What wa the first beoing aircraft Model 1
63%
Who founded Boeing William boeing
63%
How many varients of the 777 are there 5
38%
The 707 was also know as 720
38%
Which 777 is longer than the 747 777-9
25%
Which one of these companies does boeing NOT own Boeing canada
25%
No matching quizzes found
Score Distribution
Percent of People with Each Score
Percentile by Number Answered
Your Score History
You have not taken this quiz